پس آ شکا ر (Record no. 94309)

MARC details
000 -LEADER
fixed length control field 00650nam a22002177a 4500
005 - DATE AND TIME OF LATEST TRANSACTION
control field 20150616163236.0
008 - FIXED-LENGTH DATA ELEMENTS--GENERAL INFORMATION
fixed length control field 140714b xxu||||| |||| 00| 0 Urdu d
010 ## - LCCN (DPL NO)
LC control number UR-9071
020 ## - INTERNATIONAL STANDARD BOOK NUMBER
Terms of availability 300.00
International Standard Book Number 818841395-X
035 ## - SYSTEM CONTROL NUMBER
System control number U-7626
037 ## - SOURCE OF ACQUISITION
Source of stock number/acquisition DBAD
040 ## - CATALOGING SOURCE
Original cataloging agency DPL
Language of cataloging Urdu
082 ## - DEWEY DECIMAL CLASSIFICATION NUMBER
Classification number 841
100 ## - MAIN ENTRY--PERSONAL NAME
Personal name ا حمد شنا س
245 ## - TITLE STATEMENT
Title پس آ شکا ر
Statement of responsibility, etc ا حمد شنا س
246 #h - VARYING FORM OF TITLE
Title proper/short title Pas-e-Ashkar
Remainder of title By Ahmed Shanas
260 ## - PUBLICATION, DISTRIBUTION, ETC. (IMPRINT)
Name of publisher, distributor, etc M.R.Publications
Date of publication, distribution, etc 2010
Place of publication, distribution, etc New Delhi
270 ## - ADDRESS
Address 1645,Patudi House,Darya Ganj,
City New Delhi
Telephone number 9810784549
Postal code 110002
300 ## - PHYSICAL DESCRIPTION
Extent 154ص
Dimensions 22Cm (Hb)
942 ## - ADDED ENTRY ELEMENTS (KOHA)
Source of classification or shelving scheme Dewey Decimal Classification
Item type Urdu Bks
Edition
Classification part 841
Call number suffix ا ح م
Holdings
Withdrawn status Lost status Source of classification or shelving scheme Damaged status Not for loan Collection code Home library Current library Date acquired Source of acquisition Cost, normal purchase price Total Checkouts Full call number Barcode Date last seen Copy number Cost, replacement price Koha item type
    Dewey Decimal Classification   Not For Loan Non-fiction D.B.Act.Division D.B.Act.Division 16/06/2015 DBAD/Pub. 300.00   841 ا ح م U-7626 16/06/2015 1 300.00 Urdu Bks

© Delhi Public Library
Hit Counter
free hit counter